[Event "CZE-ch U12"]
[Site "Kouty nad Desnou"]
[Date "2010.03.09"]
[Round "5"]
[White "Miculka, David"]
[Black "Abelyan, Murad"]
[Result "0-1"]
[WhiteElo "1783"]
[BlackElo "1574"]
[PlyCount "106"]
[EventDate "2010.03.06"]
[EventType "swiss"]
[EventRounds "9"]
[EventCountry "CZE"]
[SourceTitle "EXT 2012"]
[Source "ChessBase"]
[SourceDate "2011.11.24"]
[SourceVersion "1"]
[SourceVersionDate "2011.11.24"]
[SourceQuality "1"]

1. e4 e6 2. d3 Nf6 3. Nf3 Bc5 4. d4 Be7 5. Bd3 b6 6. c3 Bb7 7. Qe2 0-0 8. e5 Nd5 9. h4 f6 10. Ng5 f5 11. Qh5 h6 12. Qg6 Bxg5 13. hxg5 Ne7 14. Qh5 Qe8 15. Qh3 Qg6 16. f4 d6 17. Na3 dxe5 18. fxe5 a6 19. 0-0 hxg5 20. g4 Qh6 21. Qxh6 gxh6 22. Bc4 Bd5 23. gxf5 Rxf5 24. Bxd5 Rxf1+ 25. Kxf1 Nxd5 26. Nc4 Nd7 27. Bd2 Rf8+ 28. Kg2 Nf4+ 29. Kg3 c5 30. Kg4 Kg7 31. Be3 Kg6 32. dxc5 h5+ 33. Kg3 bxc5 34. Bxf4 Rxf4 35. Rd1 Rxc4 36. Rxd7 Kf5 37. Rg7 Rg4+ 38. Kf3 Kxe5 39. Rh7 Rf4+ 40. Ke3 h4 41. Rh8 Re4+ 42. Kf3 g4+ 43. Kf2 Rf4+ 44. Kg2 g3 45. Kh3 Ke4 46. Rd8 e5 47. Rd1 Ke3 48. Re1+ Kf2 49. Rc1 Re4 50. Rc2+ Re2 51. Rc1 e4 52. b4 cxb4 53. cxb4 Rxa2 0-1

[Event "CZE Czechia-ch U12"]
[Site "Harrachov"]
[Date "2009.10.29"]
[Round "7"]
[White "Abelyan, Murad"]
[Black "Pulpan, Matej"]
[Result "1/2-1/2"]
[WhiteElo "1613"]
[BlackElo "1491"]
[PlyCount "70"]
[EventDate "2009.10.24"]
[EventType "swiss"]
[EventRounds "9"]
[EventCountry "CZE"]
[SourceTitle "EXT 2012"]
[Source "ChessBase"]
[SourceDate "2011.11.24"]
[SourceVersion "1"]
[SourceVersionDate "2011.11.24"]
[SourceQuality "1"]

1. e4 c5 2. Nf3 d6 3. d4 cxd4 4. Nxd4 Nf6 5. Nc3 g6 6. f4 Bg7 7. e5 dxe5 8. fxe5 Ng4 9. Bb5+ Nc6 10. Nxc6 Qxd1+ 11. Nxd1 a6 12. Ba4 Bd7 13. h3 Nh6 14. Bxh6 Bxh6 15. Nb4 Bxa4 16. Nd5 Rd8 17. c4 Bg7 18. N1c3 Bc6 19. 0-0 Bxe5 20. Rfe1 Bxc3 21. Nxc3 Rd2 22. Re2 Rxe2 23. Nxe2 Kd7 24. Nd4 Be4 25. Rd1 Kc7 26. Re1 f5 27. Kf2 Kd6 28. Rd1 Ke5 29. Nf3+ Bxf3 30. Kxf3 Ke6 31. Re1+ Kd6 32. Rd1+ Kc7 33. Re1 Re8 34. Kf4 h6 35. Ke5 Rf8 1/2-1/2

[Event "CZE Czechia-ch U12"]
[Site "Harrachov"]
[Date "2009.10.27"]
[Round "4"]
[White "Abelyan, Murad"]
[Black "Slovak, Kilian"]
[Result "1-0"]
[WhiteElo "1613"]
[BlackElo "1266"]
[PlyCount "163"]
[EventDate "2009.10.24"]
[EventType "swiss"]
[EventRounds "9"]
[EventCountry "CZE"]
[SourceTitle "EXT 2012"]
[Source "ChessBase"]
[SourceDate "2011.11.24"]
[SourceVersion "1"]
[SourceVersionDate "2011.11.24"]
[SourceQuality "1"]

1. e4 e5 2. Nf3 Nf6 3. Nxe5 d6 4. Nf3 Nxe4 5. Qe2 Qe7 6. d3 Nf6 7. Bg5 Qxe2+ 8. Bxe2 Be7 9. Nc3 Nc6 10. 0-0 0-0 11. d4 h6 12. Bh4 Bg4 13. Rfe1 Rfe8 14. d5 Ne5 15. Nxe5 dxe5 16. Bb5 Red8 17. Rxe5 Bd6 18. Ree1 a6 19. Bc4 b5 20. Bb3 g5 21. Bg3 Bxg3 22. hxg3 Re8 23. f3 Bh5 24. Rad1 Rad8 25. Rxe8+ Nxe8 26. Re1 Kf8 27. Ne4 Nd6 28. Nc5 a5 29. a4 b4 30. Na6 Rc8 31. c4 bxc3 32. bxc3 Bg6 33. Nc5 Rd8 34. Na6 Rc8 35. c4 Bd3 36. Rc1 c6 37. Rc3 Bf5 38. c5 cxd5 39. Bxd5 Bd7 40. Ra3 Nf5 41. Bb7 Rd8 42. c6 Be6 43. c7 Re8 44. Rc3 Nd6 45. Bc6 Rc8 46. Rc5 Ke7 47. Rxa5 Bd7 48. Re5+ Be6 49. Bb5 Nxb5 50. axb5 Kd6 51. Rc5 Bd7 52. b6 Bc6 53. Rb5 Bb7 54. Nc5 Bc6 55. Ne4+ Kd7 56. b7 Bxb7 57. Rxb7 Rxc7 58. Rxc7+ Kxc7 59. Nf6 Kd8 60. Ng4 h5 61. Nf6 h4 62. gxh4 gxh4 63. Kh2 Ke7 64. Ne4 f5 65. Nf2 Kf6 66. Kh3 Kg5 67. g3 hxg3 68. Kxg3 Kf6 69. Kf4 Kg6 70. Ke5 Kg5 71. f4+ Kg6 72. Ke6 Kg7 73. Kxf5 Kf7 74. Ng4 Ke7 75. Kg6 Kf8 76. Kf6 Kg8 77. Ke7 Kg7 78. f5 Kg8 79. f6 Kh7 80. f7 Kg6 81. f8Q Kg5 82. Qf3 1-0

[Event "CZE Czechia-ch U12"]
[Site "Harrachov"]
[Date "2009.10.27"]
[Round "5"]
[White "Gregor, Jiri3333"]
[Black "Abelyan, Murad"]
[Result "0-1"]
[WhiteElo "1466"]
[BlackElo "1613"]
[PlyCount "62"]
[EventDate "2009.10.24"]
[EventType "swiss"]
[EventRounds "9"]
[EventCountry "CZE"]
[SourceTitle "EXT 2012"]
[Source "ChessBase"]
[SourceDate "2011.11.24"]
[SourceVersion "1"]
[SourceVersionDate "2011.11.24"]
[SourceQuality "1"]

1. e4 e5 2. Nf3 Nc6 3. Bb5 a6 4. Ba4 Nf6 5. 0-0 b5 6. Bb3 Be7 7. Re1 0-0 8. c3 d5 9. exd5 Nxd5 10. Nxe5 Nxe5 11. Rxe5 c6 12. d4 Bd6 13. Re1 Qh4 14. g3 Qh3 15. Qe2 Bg4 16. Qf1 Qh5 17. Nd2 Rae8 18. Rxe8 Rxe8 19. Bxd5 cxd5 20. f3 Bh3 21. Qf2 f5 22. b3 f4 23. g4 Qg5 24. Bb2 h5 25. Re1 Rxe1+ 26. Qxe1 hxg4 27. Qe6+ Kh7 28. fxg4 Bxg4 29. Qxd6 Bf3+ 30. Kf1 Qg2+ 31. Ke1 Qe2# 0-1

[Event "CZE Czechia-ch U12"]
[Site "Harrachov"]
[Date "2009.10.26"]
[Round "3"]
[White "Kupsa, Matej"]
[Black "Abelyan, Murad"]
[Result "0-1"]
[WhiteElo "1250"]
[BlackElo "1613"]
[PlyCount "40"]
[EventDate "2009.10.24"]
[EventType "swiss"]
[EventRounds "9"]
[EventCountry "CZE"]
[SourceTitle "EXT 2012"]
[Source "ChessBase"]
[SourceDate "2011.11.24"]
[SourceVersion "1"]
[SourceVersionDate "2011.11.24"]
[SourceQuality "1"]

1. e4 c5 2. Nf3 d6 3. Bc4 Nf6 4. Nc3 e6 5. d3 Be7 6. 0-0 0-0 7. Bg5 Nc6 8. Bb5 d5 9. e5 Nd7 10. Bxe7 Qxe7 11. Bxc6 bxc6 12. Qd2 f6 13. exf6 Rxf6 14. Rfe1 Rg6 15. g3 Bb7 16. Nh4 Qxh4 17. Kg2 Rf8 18. Kh1 Qh3 19. Rf1 Rf3 20. Qe2 Rh6 0-1